000
00288nam a22001337a 4500
008
260123b ||||| |||| 00| 0 eng d
020
_a
9789951283991
041
_a
eng
080
_a
001
100
_a
24
101
_a
gaz
245
_a
Tranzicioni i medies ne Kosove
942
_2
lcc
_c
BK
999
_c
60759
_d
60759